000 00277nam a22001217a 4500
008 170628b xxu||||| |||| 00| 0 eng d
041 _aeng
080 _a82
100 _a22
101 _aGJL
245 _aSTRUCTURE AND FUCTIONS OF ENZYMES
_cBERNHARD.S
942 _2udc
_cBK
999 _c19426
_d19426